Kirchenbuch: Ordnungen für die Versammlungen der nach Gottes Wort reformierten Gemeinden deutscher Zunge
| Contributors: | ; |
|---|---|
| Format: | Print Book |
| Language: | German |
| Subito Delivery Service: | Order now. |
| Check availability: | HBZ Gateway |
| WorldCat: | WorldCat |
| Interlibrary Loan: | Interlibrary Loan for the Fachinformationsdienste (Specialized Information Services in Germany) |
| Published: |
München
Evangelischer Verlag Albert Lempp
1941
|
| In: | Year: 1941 |
| Standardized Subjects / Keyword chains: | B
Reformierter Bund
/ Agenda
/ Geschichte 1941
B Protestant Church / Liturgy / Theology / Liturgics / Reformierter Bund / Agenda |
| Further subjects: | B
Reformed Church
Liturgy Texts
B Reformed Church Liturgy B Spring |
| Sammlungen: |
MARC
| LEADER | 00000cam a2200000 c 4500 | ||
|---|---|---|---|
| 001 | 143500198 | ||
| 003 | DE-627 | ||
| 005 | 20251222202102.0 | ||
| 007 | tu | ||
| 008 | 940313s1941 xx ||||| 00| ||ger c | ||
| 035 | |a (DE-627)143500198 | ||
| 035 | |a (DE-576)9143500196 | ||
| 035 | |a (DE-599)GBV143500198 | ||
| 035 | |a (OCoLC)8986338 | ||
| 040 | |a DE-627 |b ger |c DE-627 |e rakwb | ||
| 041 | |a ger | ||
| 044 | |c XA-DXDE | ||
| 050 | 0 | |a BX9427 | |
| 082 | 0 | |a 264.042 | |
| 084 | |a 12 |2 sdnb | ||
| 084 | |a BS 6800 |2 rvk |0 (DE-625)rvk/16630: | ||
| 084 | |a 11.55 |2 bkl | ||
| 084 | |a 11.74 |2 bkl | ||
| 245 | 0 | 0 | |a Kirchenbuch |b Ordnungen für die Versammlungen der nach Gottes Wort reformierten Gemeinden deutscher Zunge |c herausgegeben von Ernst Wolf und Martin Albertz |
| 264 | 1 | |a München |b Evangelischer Verlag Albert Lempp |c 1941 | |
| 300 | |a 478 Seiten |c 28 cm | ||
| 336 | |a Text |b txt |2 rdacontent | ||
| 337 | |a ohne Hilfsmittel zu benutzen |b n |2 rdamedia | ||
| 338 | |a Band |b nc |2 rdacarrier | ||
| 546 | |a In Fraktur | ||
| 583 | 1 | |a Archivierung prüfen |c 20240324 |f DE-4165 |z 1 |2 pdager | |
| 601 | |a Kirchenbuch | ||
| 601 | |a Ordnung | ||
| 601 | |a Versammlung | ||
| 601 | |a Gemeinde | ||
| 601 | |a Deutsche | ||
| 650 | 0 | |a Reformed Church |x Liturgy | |
| 650 | 0 | |a Reformed Church |x Liturgy |v Texts | |
| 655 | 7 | |a Quelle |0 (DE-588)4135952-5 |0 (DE-627)105661236 |0 (DE-576)209665084 |2 gnd-content | |
| 689 | 0 | 0 | |d b |0 (DE-588)4224424-9 |0 (DE-627)104986794 |0 (DE-576)21029793X |2 gnd |a Reformierter Bund |
| 689 | 0 | 1 | |d s |0 (DE-588)4000724-8 |0 (DE-627)106400231 |0 (DE-576)208839194 |2 gnd |a Agende |
| 689 | 0 | 2 | |q z |2 gnd |a Geschichte 1941 |
| 689 | 0 | |5 DE-101 | |
| 689 | 1 | 0 | |d s |0 (DE-588)4015833-0 |0 (DE-627)106335138 |0 (DE-576)208913718 |2 gnd |a Evangelische Kirche |
| 689 | 1 | 1 | |d s |0 (DE-588)4036050-7 |0 (DE-627)106244558 |0 (DE-576)209016175 |2 gnd |a Liturgie |
| 689 | 1 | 2 | |d s |0 (DE-588)4059758-1 |0 (DE-627)104131446 |0 (DE-576)209132159 |2 gnd |a Theologie |
| 689 | 1 | 3 | |d s |0 (DE-588)4128506-2 |0 (DE-627)105716871 |0 (DE-576)20960266X |2 gnd |a Liturgik |
| 689 | 1 | 4 | |d b |0 (DE-588)4224424-9 |0 (DE-627)104986794 |0 (DE-576)21029793X |2 gnd |a Reformierter Bund |
| 689 | 1 | 5 | |d s |0 (DE-588)4000724-8 |0 (DE-627)106400231 |0 (DE-576)208839194 |2 gnd |a Agende |
| 689 | 1 | |5 (DE-627) | |
| 700 | 1 | |e HerausgeberIn |0 (DE-588)11880698X |0 (DE-627)079581226 |0 (DE-576)209512024 |4 edt |a Wolf, Ernst |d 1902-1971 | |
| 700 | 1 | |e HerausgeberIn |0 (DE-588)118647695 |0 (DE-627)079433332 |0 (DE-576)166955353 |4 edt |a Albertz, Martin |d 1883-1956 | |
| 935 | |a JALB |a mteo | ||
| 936 | r | v | |a BS 6800 |b bis 1945 |k Theologie und Religionswissenschaften |k Liturgiewissenschaft |k Reformatorische Liturgien |k Reformierte im deutschsprachigen Raum |k Quellen |k bis 1945 |0 (DE-627)1270759418 |0 (DE-625)rvk/16630: |0 (DE-576)200759418 |
| 936 | b | k | |a 11.55 |j Protestantismus |0 (DE-627)106403907 |
| 936 | b | k | |a 11.74 |j Liturgik |0 (DE-627)106419714 |
| 951 | |a BO | ||
| ELC | |b 1 | ||
| LOK | |0 000 xxxxxcx a22 zn 4500 | ||
| LOK | |0 001 4578367800 | ||
| LOK | |0 003 DE-627 | ||
| LOK | |0 004 143500198 | ||
| LOK | |0 005 20240910101022 | ||
| LOK | |0 008 240910||||||||||||||||ger||||||| | ||
| LOK | |0 040 |a DE-Tue135 |c DE-627 |d DE-Tue135 | ||
| LOK | |0 092 |o n | ||
| LOK | |0 852 |a DE-Tue135 | ||
| LOK | |0 852 1 |9 00 | ||
| LOK | |0 866 |x SPQUE#Johannes a Lasco Bibliothek | ||
| LOK | |0 935 |a JALB | ||
| LOK | |0 939 |a 10-09-24 |b l01 | ||
| ORI | |a SA-MARC-ixtheoa001.raw | ||
| REF | |a Evangelische Kirchengeschichte,Evangelische Liturgie,Theologiegeschichte | ||
| STA | 0 | 0 | |a Agenda,Liturgics,Liturgical science,Liturgy,Liturgy,Protestant Church,Protestant Church,Protestant Church,Evangelical Church,Theology,Theology |
| STB | 0 | 0 | |a Agende,Recueil liturgique (protestantisme),Recueil liturgique,Liturgie,Liturgie,Théologie,Théologie,Église protestante,Église protestante,Étude de la liturgie,Science liturgique,Science liturgique |
| STC | 0 | 0 | |a Agenda,Estudios de la liturgia,Iglesia evangélica,Iglesia evangélica,Liturgia,Liturgia,Teología,Teología |
| STD | 0 | 0 | |a Chiesa evangelica,Chiesa evangelica,Libro liturgico,Liturgia,Liturgia,Scienza della liturgia,Teologia,Teologia |
| STE | 0 | 0 | |a 新教教会,礼仪,礼仪,礼拜仪式,礼仪学,礼拜仪式学,礼拜学,神学家,议程 |
| STF | 0 | 0 | |a 新教教會,神學家,禮儀,禮儀,禮拜儀式,禮儀學,禮拜儀式學,禮拜學,議程 |
| STG | 0 | 0 | |a Agenda,Estudos da liturgia,Igreja evangélica,Igreja evangélica,Liturgia,Liturgia,Teologia,Teologia |
| STH | 0 | 0 | |a Агенда (протестантская церковь),Богословие (мотив),Богословие,Евангелическая церковь (мотив),Евангелическая церковь,Литургика,Литургия (мотив),Литургия |
| STI | 0 | 0 | |a Ευαγγελική Εκκλησία (μοτίβο),Ευαγγελική Εκκλησία,Θεία Λειτουργία (μοτίβο),Θεία Λειτουργία,Θεολογία (μοτίβο),Θεολογία,Λειτουργική,Λειτουργικό βιβλίο (Ευαγγελική Εκκλησία) |
| SYG | 0 | 0 | |a Reformierter Bund für Deutschland,Deutscher Reformierter Bund , Handagende,Agenden , Evangelische Kirche in Karlsruhe , Protestant Church,Eglise protestante , Waldkapelle Klosterreichenbach,Petruskirche Heselbach,Drei-Meister-Kirche Helmershausen,Ev. Kirche,Evangelische Stadtkirche,Sankt Nikolaus,Nikolaikirche Elmshorn,Sankt Gereon,Schurwald-Kirchlein Aichschiess,Sankt Gereon und Margaretha,Evangelische Kirche Werden , Christentum,Christliche Liturgie , Christliche Theologie , Liturgiewissenschaft , Reformierter Bund für Deutschland,Deutscher Reformierter Bund , Handagende,Agenden |
| TIM | |a 100019410101_100019411231 |b Geschichte 1941 | ||